<?xml version="1.0" encoding="UTF-8"?>
<record
    xmlns:xsi="http://www.w3.org/2001/XMLSchema-instance"
    xsi:schemaLocation="http://www.loc.gov/MARC21/slim http://www.loc.gov/standards/marcxml/schema/MARC21slim.xsd"
    xmlns="http://www.loc.gov/MARC21/slim">

  <leader>01357cam a22003734a 4500</leader>
  <datafield tag="999" ind1=" " ind2=" ">
    <subfield code="c">526360</subfield>
    <subfield code="d">526360</subfield>
  </datafield>
  <controlfield tag="001">15593417</controlfield>
  <controlfield tag="003">NUST</controlfield>
  <controlfield tag="005">20190711043309.0</controlfield>
  <controlfield tag="008">090122r20081988pk       b    000 0 urdo </controlfield>
  <datafield tag="010" ind1=" " ind2=" ">
    <subfield code="a">  2009355046</subfield>
  </datafield>
  <datafield tag="020" ind1=" " ind2=" ">
    <subfield code="a">9789698460082</subfield>
  </datafield>
  <datafield tag="025" ind1=" " ind2=" ">
    <subfield code="a">P-U-2009355046; 08</subfield>
  </datafield>
  <datafield tag="038" ind1=" " ind2=" ">
    <subfield code="a">waseem</subfield>
  </datafield>
  <datafield tag="040" ind1=" " ind2=" ">
    <subfield code="a">DLC</subfield>
    <subfield code="c">DLC</subfield>
    <subfield code="d">DLC</subfield>
  </datafield>
  <datafield tag="042" ind1=" " ind2=" ">
    <subfield code="a">lcode</subfield>
  </datafield>
  <datafield tag="043" ind1=" " ind2=" ">
    <subfield code="a">a-pk---</subfield>
  </datafield>
  <datafield tag="050" ind1="0" ind2="0">
    <subfield code="a">ND1010.7</subfield>
    <subfield code="b">.Q73 2008</subfield>
  </datafield>
  <datafield tag="082" ind1=" " ind2=" ">
    <subfield code="a">750.5491</subfield>
    <subfield code="b">QUR</subfield>
  </datafield>
  <datafield tag="100" ind1="1" ind2=" ">
    <subfield code="a">Quraish&#x12B;, &#x2BB;&#x100;bid &#x1E24;usain,</subfield>
    <subfield code="d">1946-</subfield>
    <subfield code="9">17352</subfield>
  </datafield>
  <datafield tag="245" ind1="1" ind2="0">
    <subfield code="a">P&#x101;kist&#x101;n men&#x332; mu&#x1E63;avvir&#x12B; :</subfield>
    <subfield code="b">muntak&#x332;h&#x332;ab maz&#x324;&#x101;m&#x12B;n /</subfield>
    <subfield code="c">&#x2BB;&#x100;bid &#x1E24;usain Quraish&#x12B;.</subfield>
  </datafield>
  <datafield tag="260" ind1=" " ind2=" ">
    <subfield code="a">L&#x101;haur :</subfield>
    <subfield code="b">P&#x101;kist&#x101;n R&#x101;&#x2BC;i&#x1E6D;arz Ko&#x101;pre&#x1E6D;iv Sos&#x101;&#x2BC;&#x12B;&#x1E6D;&#x12B; :</subfield>
    <subfield code="b">Taqs&#x12B;mk&#x101;r, Ko&#x101;pr&#x101; Buk San&#x1E6D;ar ain&#x1E0D; &#x100;r&#x1E6D; Gailar&#x12B;,</subfield>
    <subfield code="c">2008.</subfield>
  </datafield>
  <datafield tag="300" ind1=" " ind2=" ">
    <subfield code="a">448 p. ;</subfield>
    <subfield code="c">25 cm.</subfield>
  </datafield>
  <datafield tag="500" ind1=" " ind2=" ">
    <subfield code="a">P. 448 blank.</subfield>
  </datafield>
  <datafield tag="504" ind1=" " ind2=" ">
    <subfield code="a">Includes bibliographical references.</subfield>
  </datafield>
  <datafield tag="520" ind1=" " ind2=" ">
    <subfield code="a">Contributed articles on art in Pakistan, previously published in Pakistani Urdu magazines from 1988-2007.</subfield>
  </datafield>
  <datafield tag="546" ind1=" " ind2=" ">
    <subfield code="a">In Urdu.</subfield>
  </datafield>
  <datafield tag="650" ind1=" " ind2="0">
    <subfield code="a">Painting, Pakistani.</subfield>
    <subfield code="9">17353</subfield>
  </datafield>
  <datafield tag="710" ind1="2" ind2=" ">
    <subfield code="a">Pakistan Writers' Co-operative Society.</subfield>
    <subfield code="9">17354</subfield>
  </datafield>
  <datafield tag="880" ind1=" " ind2=" ">
    <subfield code="6">100-01\r</subfield>
    <subfield code="a">&#x639;&#x627;&#x628;&#x62F; &#x62D;&#x633;&#x6CC;&#x646; &#x642;&#x631;&#x6CC;&#x634;&#x6CC;</subfield>
  </datafield>
  <datafield tag="880" ind1=" " ind2=" ">
    <subfield code="6">245-02\r</subfield>
    <subfield code="a">&#x67E;&#x627;&#x6A9;&#x633;&#x62A;&#x627;&#x646; &#x645;&#x6CC;&#x6BA; &#x645;&#x635;&#x648;&#x631;&#x6CC; /</subfield>
  </datafield>
  <datafield tag="906" ind1=" " ind2=" ">
    <subfield code="a">7</subfield>
    <subfield code="b">cbc</subfield>
    <subfield code="c">origode</subfield>
    <subfield code="d">3</subfield>
    <subfield code="e">ncip</subfield>
    <subfield code="f">20</subfield>
    <subfield code="g">y-gencatlg</subfield>
  </datafield>
  <datafield tag="942" ind1=" " ind2=" ">
    <subfield code="2">ddc</subfield>
    <subfield code="c">BK</subfield>
  </datafield>
  <datafield tag="952" ind1=" " ind2=" ">
    <subfield code="0">0</subfield>
    <subfield code="1">0</subfield>
    <subfield code="2">ddc</subfield>
    <subfield code="4">0</subfield>
    <subfield code="7">0</subfield>
    <subfield code="a">CL</subfield>
    <subfield code="b">CL</subfield>
    <subfield code="d">2019-07-11</subfield>
    <subfield code="l">0</subfield>
    <subfield code="o">750.5491 QUR</subfield>
    <subfield code="p">CL-E-2131</subfield>
    <subfield code="r">2019-07-11</subfield>
    <subfield code="w">2019-07-11</subfield>
    <subfield code="y">BK</subfield>
  </datafield>
</record>
